Quiz sur le 1er arrondissement de Lyon - Statistiques

Statistiques générales
  • Ce quiz a été pris 63 fois
  • Le résultat moyen est 6 sur 14
Statistiques - réponses
Hint Réponse % Correct
Nom d'un quartier du 1er arrondissement {Les} {pentes} de la Croix-Rousse
76%
Place très animée accueillant de nombreux bars Place des Terreaux
75%
Avec sa pente de 17, elle est la station de métro la plus raide du monde Croix-Paquet
73%
On le retrouve en face de l'hôtel de ville Opéra de Lyon
73%
Musée situé dans une abbaye et possédant un jardin dans sa cour Musée {des Beaux-Arts}
55%
Bloc erratique originaire des Alpes retrouvé lors du creusement du funiculaire Gros Caillou
51%
Activité sportive très pratiqué sur la place de la Comédie Skateboard
51%
Peinture murale représentant 30 personnages historiques lyonnais Fresque des Lyonnais
44%
Nom d'un quartier et d'un lycée privée Les Chartreux
24%
Rue pittoresque classée à l'UNESCO reliant le quartier des Terreaux à la Croix-Rousse {Montée} de la {Grande} {Côte}
20%
Cette traboule est l'une des plus emblématique de Lyon Cour {des Voraces}
16%
Plus ancien amphithéâtre romain de la Gaule construit en 19 après J.-C. Amphithéâtre {des Trois Gaules}
15%
Architecte lyonnais ayant ouvert son cabinet en 1904 sur la place Sathonay Tony Garnier
11%
Réseau de galeries antiques de 1,4 km situé sous le plateau de la Croix-Rousse Arêtes de poisson
9%
Aucun quiz correspondant
Distribution des résultats
% des personnes avec chaque résultat
Percentile par nombre de réponses
Votre historique - résultats
Vous n’avez pas pris ce quiz